| 000 | 00709nam a2200133Ia 4500 | ||
|---|---|---|---|
| 008 | 220616s9999||||xx |||||||||||||| ||und|| | ||
| 022 | _a16648714 | ||
| 100 | _aCristina Savin||Matthieu Gilson||Friedemann Zenke | ||
| 245 | 0 | _aEmergent neural computation from the interaction of different forms of plasticity | |
| 546 | _aEnglish[eng] | ||
| 650 | _aIntrinsic Plasticity||structural plasticity||heterosynaptic plasticity||Homeostasis||reward-modulated learning||synaptic plasticity||STDP||inhibitory plasticity||metaplasticity||short-term plasticity | ||
| 856 | _uhttp://journal.frontiersin.org/researchtopic/2004/emergent-neural-computation-from-the-interaction-of-different-forms-of-plasticity | ||
| 942 | _cEB | ||
| 999 |
_c19618 _d19618 |
||